[Event "GER-ch 2013-F-V4 serv"]
[Site "GER email"]
[Date "2013.12.23"]
[Round "?"]
[White "Blask, Gerhard"]
[Black "Packroff, Hermann"]
[Result "1/2-1/2"]
[WhiteElo "2131"]
[BlackElo "1933"]
[PlyCount "34"]
[EventDate "2013.12.31"]
[EventType "tourn (corr)"]
[EventRounds "6"]
[EventCountry "GER"]
[SourceTitle "Corr 2015"]
[Source "ChessBase"]
[SourceDate "2015.07.17"]
[SourceVersion "1"]
[SourceVersionDate "2015.07.17"]
[SourceQuality "1"]

1. e4 c6 2. Nf3 d5 3. Nc3 dxe4 4. Nxe4 Nd7 5. d4 Ngf6 6. Nc3 g6 7. Bd3 Bg7 8. 0-0 0-0 9. Qe2 Nb6 10. h3 Re8 11. Bf4 Nfd5 12. Nxd5 Nxd5 13. Bg3 Qb6 14. c3 a5 15. a4 Be6 16. Ng5 Bd7 17. Nf3 Be6 1/2-1/2

[Event "GER-ch 2013-C-V8 serv"]
[Site "GER email"]
[Date "2013.06.17"]
[Round "?"]
[White "Blask, Gerhard"]
[Black "Roeckendorf, Paul Uwe"]
[Result "1/2-1/2"]
[WhiteElo "2143"]
[BlackElo "2118"]
[PlyCount "39"]
[EventDate "2013.06.20"]
[EventType "tourn (corr)"]
[EventRounds "6"]
[EventCountry "GER"]
[SourceTitle "Corr 2015"]
[Source "ChessBase"]
[SourceDate "2015.07.17"]
[SourceVersion "1"]
[SourceVersionDate "2015.07.17"]
[SourceQuality "1"]

1. d4 Nf6 2. c4 e6 3. Nf3 b6 4. a3 Bb7 5. Nc3 d5 6. cxd5 Nxd5 7. Bd2 Be7 8. e3 0-0 9. Bd3 Nd7 10. Rc1 c5 11. 0-0 Nxc3 12. Bxc3 Rc8 13. Qe2 Qc7 14. dxc5 Nxc5 15. Bd4 Qb8 16. Bc4 Rfd8 17. b4 Ne4 18. h3 Bf6 19. Bxf6 Nxf6 20. Ba6 1/2-1/2

[Event "GER-ch 2013-C-V8 serv"]
[Site "GER email"]
[Date "2013.06.17"]
[Round "?"]
[White "Sirvent, Ricardo"]
[Black "Blask, Gerhard"]
[Result "1/2-1/2"]
[WhiteElo "2079"]
[BlackElo "2143"]
[PlyCount "38"]
[EventDate "2013.06.20"]
[EventType "tourn (corr)"]
[EventRounds "6"]
[EventCountry "GER"]
[SourceTitle "Corr 2015"]
[Source "ChessBase"]
[SourceDate "2015.07.17"]
[SourceVersion "1"]
[SourceVersionDate "2015.07.17"]
[SourceQuality "1"]

1. e4 e6 2. d4 d5 3. Nc3 Nf6 4. Bg5 Be7 5. e5 Nfd7 6. Bxe7 Qxe7 7. f4 a6 8. Qg4 0-0 9. Nf3 c5 10. Bd3 g6 11. 0-0-0 Nc6 12. h4 h5 13. Qg3 cxd4 14. Ne2 Nc5 15. Nfxd4 Bd7 16. Kb1 Kg7 17. c3 Nxd4 18. Nxd4 Nxd3 19. Qxd3 Rh8 1/2-1/2

[Event "GER MS-179 email"]
[Site "GER email"]
[Date "2013.05.31"]
[Round "?"]
[White "Blask, Gerhard"]
[Black "Ries, Berthold"]
[Result "1/2-1/2"]
[WhiteElo "2154"]
[BlackElo "2000"]
[PlyCount "44"]
[EventDate "2013.06.09"]
[EventType "tourn (corr)"]
[EventRounds "6"]
[EventCountry "GER"]
[SourceTitle "Corr 2015"]
[Source "ChessBase"]
[SourceDate "2015.07.17"]
[SourceVersion "1"]
[SourceVersionDate "2015.07.17"]
[SourceQuality "1"]

1. d4 Nf6 2. c4 e6 3. Nf3 Bb4+ 4. Bd2 Qe7 5. e3 b6 6. Be2 Bb7 7. Bxb4 Qxb4+ 8. Qd2 Qe7 9. 0-0 0-0 10. Nc3 d6 11. Qd3 Nbd7 12. Nd2 c5 13. Bf3 d5 14. cxd5 exd5 15. Rac1 Rfe8 16. Rfd1 Rac8 17. Nf1 g6 18. Qb1 Red8 19. dxc5 Nxc5 20. Ng3 Nce4 21. Bxe4 dxe4 22. h3 Kg7 1/2-1/2

[Event "GER-ch60 final email"]
[Site "GER email"]
[Date "2012.01.28"]
[Round "?"]
[White "Blask, Gerhard"]
[Black "Bars, Joachim"]
[Result "1/2-1/2"]
[WhiteElo "2152"]
[BlackElo "2162"]
[PlyCount "53"]
[EventDate "2012.02.13"]
[EventType "tourn (corr)"]
[EventRounds "13"]
[EventCountry "GER"]
[SourceTitle "Corr 2015"]
[Source "ChessBase"]
[SourceDate "2015.07.17"]
[SourceVersion "1"]
[SourceVersionDate "2015.07.17"]
[SourceQuality "1"]

1. d4 Nf6 2. c4 e6 3. Nc3 Bb4 4. e3 0-0 5. Bd3 d5 6. Nf3 c5 7. 0-0 Nc6 8. a3 Bxc3 9. bxc3 dxc4 10. Bxc4 Qc7 11. Bb2 e5 12. h3 Bf5 13. Qe2 Rad8 14. Bb5 e4 15. Nd2 Rfe8 16. Rfc1 Re6 17. Ba4 h6 18. Nf1 Bg6 19. Bb3 Red6 20. a4 Na5 21. Ba2 b6 22. Rab1 h5 23. Nd2 h4 24. Ba3 Bf5 25. Nc4 Nxc4 26. Bxc4 Be6 27. Bxe6 1/2-1/2

[Event "GER-ch60 final email"]
[Site "GER email"]
[Date "2012.01.28"]
[Round "?"]
[White "Blask, Gerhard"]
[Black "Brinkmann, Wilhelm"]
[Result "1/2-1/2"]
[WhiteElo "2152"]
[BlackElo "2184"]
[PlyCount "53"]
[EventDate "2012.02.13"]
[EventType "tourn (corr)"]
[EventRounds "13"]
[EventCountry "GER"]
[SourceTitle "Corr 2015"]
[Source "ChessBase"]
[SourceDate "2015.07.17"]
[SourceVersion "1"]
[SourceVersionDate "2015.07.17"]
[SourceQuality "1"]

1. d4 Nf6 2. c4 g6 3. Nc3 Bg7 4. e4 d6 5. Nf3 0-0 6. Be2 e5 7. dxe5 dxe5 8. Bg5 Nbd7 9. 0-0 c6 10. Qc2 Nc5 11. Be3 Ne6 12. Nxe5 Nd4 13. Bxd4 Qxd4 14. Nf3 Qb6 15. Rad1 Re8 16. a3 Qc7 17. Rfe1 Nd7 18. b4 Ne5 19. Nd4 Ng4 20. g3 a5 21. c5 h5 22. Nf3 axb4 23. axb4 Be6 24. Na4 Qe7 25. Kg2 Ra7 26. h4 Rea8 27. Nb6 1/2-1/2

[Event "GER-ch60 final email"]
[Site "GER email"]
[Date "2012.01.28"]
[Round "?"]
[White "Blask, Gerhard"]
[Black "Grube, Andreas"]
[Result "1-0"]
[WhiteElo "2152"]
[BlackElo "2109"]
[PlyCount "97"]
[EventDate "2012.02.13"]
[EventType "tourn (corr)"]
[EventRounds "13"]
[EventCountry "GER"]
[SourceTitle "Corr 2015"]
[Source "ChessBase"]
[SourceDate "2015.07.17"]
[SourceVersion "1"]
[SourceVersionDate "2015.07.17"]
[SourceQuality "1"]

1. d4 Nf6 2. c4 e6 3. Nf3 b6 4. g3 Ba6 5. Qa4 Bb7 6. Bg2 c5 7. dxc5 Bxc5 8. 0-0 0-0 9. Nc3 Qe7 10. Bg5 h6 11. Bxf6 Qxf6 12. a3 Rd8 13. Rad1 a5 14. Rd2 d6 15. Rfd1 Nc6 16. e3 Rab8 17. Nb5 Qe7 18. Ne1 Ne5 19. Bxb7 Qxb7 20. b4 axb4 21. axb4 Nxc4 22. Re2 d5 23. bxc5 bxc5 24. Rb1 Qc6 25. Ra2 Ne5 26. Nc3 Qxa4 27. Rxa4 Rxb1 28. Nxb1 Rb8 29. Ra1 Kf8 30. Kf1 g5 31. Nc3 g4 32. Ra2 Ke7 33. Ke2 Rb3 34. Kd2 c4 35. Ne2 Kf6 36. Kc1 Rb7 37. e4 dxe4 38. Nc3 Nd3+ 39. Nxd3 exd3 40. Ra4 Rc7 41. Kd2 Rc6 42. Ra5 e5 43. Nd5+ Ke6 44. Kc3 f5 45. Ne3 Kf6 46. Nxc4 e4 47. Kd4 h5 48. Ne3 Rd6+ 49. Rd5 1-0

[Event "GER-ch60 final email"]
[Site "GER email"]
[Date "2012.01.28"]
[Round "?"]
[White "Blask, Gerhard"]
[Black "Haumann, Joachim"]
[Result "1/2-1/2"]
[WhiteElo "2152"]
[BlackElo "2078"]
[PlyCount "48"]
[EventDate "2012.02.13"]
[EventType "tourn (corr)"]
[EventRounds "13"]
[EventCountry "GER"]
[SourceTitle "Corr 2015"]
[Source "ChessBase"]
[SourceDate "2015.07.17"]
[SourceVersion "1"]
[SourceVersionDate "2015.07.17"]
[SourceQuality "1"]

1. d4 Nf6 2. c4 e6 3. Nf3 d5 4. Bg5 Be7 5. Nc3 h6 6. Bxf6 Bxf6 7. e3 0-0 8. Rc1 c6 9. Bd3 Nd7 10. 0-0 dxc4 11. Bxc4 e5 12. Ne4 exd4 13. Nxd4 Qe7 14. Qf3 Re8 15. Nxf6+ Nxf6 16. h3 Bd7 17. Rfd1 Rad8 18. Qf4 Bc8 19. a3 a5 20. Rd3 c5 21. Nf5 Bxf5 22. Qxf5 Rxd3 23. Qxd3 Rd8 24. Qb3 Rd2 1/2-1/2

[Event "GER-ch60 final email"]
[Site "GER email"]
[Date "2012.01.28"]
[Round "?"]
[White "Hildebrand, Gerald"]
[Black "Blask, Gerhard"]
[Result "1-0"]
[WhiteElo "2165"]
[BlackElo "2152"]
[PlyCount "75"]
[EventDate "2012.02.13"]
[EventType "tourn (corr)"]
[EventRounds "13"]
[EventCountry "GER"]
[SourceTitle "Corr 2015"]
[Source "ChessBase"]
[SourceDate "2015.07.17"]
[SourceVersion "1"]
[SourceVersionDate "2015.07.17"]
[SourceQuality "1"]

1. d4 Nf6 2. c4 e6 3. g3 c5 4. d5 exd5 5. cxd5 b5 6. Bg2 d6 7. Nf3 Be7 8. 0-0 0-0 9. Re1 Nbd7 10. e4 Bb7 11. Bf1 a6 12. a4 Qb6 13. h3 Rfe8 14. Qc2 Bf8 15. b3 g6 16. Na3 c4 17. b4 Ne5 18. Nxe5 dxe5 19. axb5 axb5 20. Be3 Qd8 21. Nxb5 Nxd5 22. Rxa8 Bxa8 23. Bxc4 Nxb4 24. Qb3 Qd7 25. Rd1 Qb7 26. f3 Nc6 27. Qa4 Rb8 28. Kg2 Kg7 29. g4 Be7 30. g5 Rc8 31. h4 Nb4 32. Qb3 Nc6 33. Qb2 Kg8 34. Qa2 Nb4 35. Qb3 Kg7 36. Rd2 Nc6 37. Bxf7 Rb8 38. h5 1-0

[Event "GER-ch57 final email"]
[Site "GER email"]
[Date "2011.08.01"]
[Round "?"]
[White "Blask, Gerhard"]
[Black "Kraft, Dieter"]
[Result "1/2-1/2"]
[WhiteElo "2137"]
[BlackElo "2164"]
[PlyCount "47"]
[EventDate "2011.08.08"]
[EventType "tourn (corr)"]
[EventRounds "10"]
[EventCountry "GER"]
[SourceTitle "Corr 2015"]
[Source "ChessBase"]
[SourceDate "2015.07.17"]
[SourceVersion "1"]
[SourceVersionDate "2015.07.17"]
[SourceQuality "1"]
[WhiteTeam "Germany"]
[BlackTeam "Germany"]
[WhiteTeamCountry "GER"]
[BlackTeamCountry "GER"]

1. d4 d5 2. c4 c6 3. Nf3 Nf6 4. e3 e6 5. b3 c5 6. Bb2 cxd4 7. exd4 Nc6 8. Bd3 g6 9. Nc3 Bg7 10. 0-0 0-0 11. Qd2 b6 12. Ba3 Re8 13. Rad1 a6 14. Rfe1 Bb7 15. cxd5 exd5 16. Rxe8+ Nxe8 17. Na4 Nf6 18. h3 Nd7 19. Qf4 Rc8 20. Re1 Qf6 21. Qg4 Qd8 22. Qf4 Qf6 23. Qg4 Qd8 24. Qf4 1/2-1/2

[Event "GER-ch43 V10 email"]
[Site "GER email"]
[Date "2011.04.10"]
[Round "?"]
[White "Blask, Gerhard"]
[Black "Noeth, Dieter"]
[Result "1/2-1/2"]
[WhiteElo "2157"]
[BlackElo "2133"]
[PlyCount "56"]
[EventDate "2011.04.18"]
[EventType "tourn (corr)"]
[EventRounds "10"]
[EventCountry "GER"]
[SourceTitle "Corr 2015"]
[Source "ChessBase"]
[SourceDate "2015.07.17"]
[SourceVersion "1"]
[SourceVersionDate "2015.07.17"]
[SourceQuality "1"]
[WhiteTeam "Germany"]
[BlackTeam "Latvia"]
[WhiteTeamCountry "GER"]
[BlackTeamCountry "LAT"]

1. c4 Nf6 2. g3 g6 3. Bg2 Bg7 4. Nc3 0-0 5. e4 c5 6. Nge2 Nc6 7. 0-0 d6 8. d3 Bd7 9. Rb1 Re8 10. a3 a5 11. Be3 Ng4 12. Bd2 Nd4 13. f4 Bc6 14. h3 Nf6 15. a4 Nd7 16. Nb5 b6 17. Kh2 Rb8 18. Bc3 Bxb5 19. axb5 e6 20. Nxd4 Bxd4 21. Qd2 Qf6 22. Bf3 h5 23. Kg2 h4 24. g4 Bxc3 25. bxc3 e5 26. f5 g5 27. Ra1 Qe7 28. Qb2 Qf6 1/2-1/2

[Event "GER-ch43 V10 email"]
[Site "GER email"]
[Date "2011.04.10"]
[Round "?"]
[White "Tiemann, Hagen"]
[Black "Blask, Gerhard"]
[Result "1/2-1/2"]
[WhiteElo "2195"]
[BlackElo "2157"]
[PlyCount "67"]
[EventDate "2011.04.18"]
[EventType "tourn (corr)"]
[EventRounds "10"]
[EventCountry "GER"]
[SourceTitle "Corr 2015"]
[Source "ChessBase"]
[SourceDate "2015.07.17"]
[SourceVersion "1"]
[SourceVersionDate "2015.07.17"]
[SourceQuality "1"]
[WhiteTeam "Germany"]
[BlackTeam "Latvia"]
[WhiteTeamCountry "GER"]
[BlackTeamCountry "LAT"]

1. e4 c5 2. Nf3 d6 3. d4 cxd4 4. Nxd4 Nf6 5. Nc3 g6 6. Be3 Bg7 7. f3 0-0 8. Qd2 Nc6 9. Bc4 a5 10. Bb3 Bd7 11. a4 Nxd4 12. Bxd4 Be6 13. 0-0-0 Qd7 14. Kb1 Bxb3 15. cxb3 Qe6 16. Ka2 Rfc8 17. h4 h5 18. Rdg1 Nd7 19. g4 Ne5 20. Bxe5 Bxe5 21. Nd5 b5 22. gxh5 bxa4 23. hxg6 axb3+ 24. Ka3 a4 25. Rc1 Rab8 26. Rxc8+ Rxc8 27. Rc1 Rxc1 28. gxf7+ Qxf7 29. Qxc1 Qxf3 30. Qg5+ Kh7 31. Qxe7+ Kh6 32. Qg5+ Kh7 33. Ne7 Qxe4 34. Qg8+ 1/2-1/2

[Event "GER-ch42 V02 email"]
[Site "GER email"]
[Date "2011.??.??"]
[Round "?"]
[White "Heide, Eckhard"]
[Black "Blask, Gerhard"]
[Result "1/2-1/2"]
[WhiteElo "2131"]
[BlackElo "2153"]
[PlyCount "132"]
[EventDate "2010.??.??"]
[EventType "tourn (corr)"]
[EventRounds "12"]
[EventCountry "GER"]
[SourceTitle "Corr 2015"]
[Source "ChessBase"]
[SourceDate "2015.07.17"]
[SourceVersion "1"]
[SourceVersionDate "2015.07.17"]
[SourceQuality "1"]

1. e4 c6 2. d4 d5 3. e5 Bf5 4. Be3 e6 5. Nd2 Ne7 6. Be2 Bg6 7. f4 Nf5 8. Bf2 Nd7 9. Ngf3 c5 10. c3 Be7 11. 0-0 0-0 12. g4 Nh6 13. h3 Rc8 14. a4 a6 15. Kg2 Re8 16. a5 Rc7 17. Kh2 f6 18. Nh4 Nf8 19. exf6 gxf6 20. Nxg6 Nxg6 21. Bg3 cxd4 22. cxd4 f5 23. g5 Nf7 24. h4 Nd6 25. h5 Nf8 26. Nf3 Ne4 27. Bd3 Bd6 28. Rg1 Nd7 29. Qe2 Kh8 30. Kh3 Rg8 31. Bxe4 fxe4 32. Nh4 Qc8 33. Qe3 Nb8 34. Raf1 Nc6 35. f5 exf5 36. Kh2 Bxg3+ 37. Qxg3 e3 38. g6 e2 39. Rxf5 Qb8 40. Rxd5 Re7 41. Qxb8 Nxb8 42. Re1 Nc6 43. Kg3 Re4 44. Rd7 Ne7 45. Rxb7 Rf8 46. Nf3 Re3 47. Kg2 Rfxf3 48. Rxe2 Rxe2+ 49. Kxf3 Re1 50. Rb8+ Ng8 51. gxh7 Kxh7 52. Rb6 Rb1 53. Kf4 Kg7 54. Rxa6 Rxb2 55. Ra7+ Kh6 56. a6 Nf6 57. Ke5 Nxh5 58. Rc7 Ra2 59. a7 Kg6 60. Rb7 Ng3 61. d5 Ra5 62. Kd6 Kf6 63. Kc6 Ne4 64. Kb6 Ra1 65. Rb8 Ke5 66. a8Q Rxa8 1/2-1/2

[Event "GER-ch41 V03 email"]
[Site "GER email"]
[Date "2010.??.??"]
[Round "?"]
[White "Blask, Gerhard"]
[Black "Oehler, Rolf"]
[Result "1-0"]
[WhiteElo "2148"]
[BlackElo "1786"]
[PlyCount "55"]
[EventDate "2010.??.??"]
[EventType "tourn (corr)"]
[EventRounds "12"]
[EventCountry "GER"]
[SourceTitle "Corr 2015"]
[Source "ChessBase"]
[SourceDate "2015.07.17"]
[SourceVersion "1"]
[SourceVersionDate "2015.07.17"]
[SourceQuality "1"]

1. e4 d6 2. d4 Nf6 3. Nc3 g6 4. f4 Bg7 5. Nf3 0-0 6. Bd3 Nc6 7. e5 dxe5 8. fxe5 Nh5 9. Be3 Bg4 10. Be2 f6 11. exf6 Nxf6 12. Qd2 Nd5 13. Nxd5 Qxd5 14. 0-0 Rad8 15. h3 Bxf3 16. Bxf3 Rxf3 17. Rxf3 Nxd4 18. Rf2 Qb5 19. Qe1 Nf5 20. c3 Rd3 21. Bd4 e5 22. Bxa7 Qd5 23. c4 Qc6 24. Rd2 Rg3 25. Rd8+ Bf8 26. Qd2 b6 27. Qd5+ Qxd5 28. cxd5 1-0

[Event "GER-ch58 V04 email"]
[Site "GER email"]
[Date "2010.??.??"]
[Round "?"]
[White "Blask, Gerhard"]
[Black "Ryseck, Werner"]
[Result "1-0"]
[WhiteElo "2153"]
[BlackElo "1767"]
[PlyCount "59"]
[EventDate "2010.05.12"]
[EventType "tourn (corr)"]
[EventRounds "6"]
[EventCountry "GER"]
[SourceTitle "Corr 2015"]
[Source "ChessBase"]
[SourceDate "2015.07.17"]
[SourceVersion "1"]
[SourceVersionDate "2015.07.17"]
[SourceQuality "1"]

1. Nf3 d5 2. d4 Nf6 3. c4 dxc4 4. e3 Bg4 5. Bxc4 e6 6. h3 Bh5 7. Qb3 Bxf3 8. gxf3 Nbd7 9. Qxb7 c5 10. Nc3 cxd4 11. exd4 Bd6 12. Ne4 Nxe4 13. fxe4 Rc8 14. Bb3 Rc7 15. Qa6 Bb4+ 16. Ke2 e5 17. Rg1 Qh4 18. Qd3 0-0 19. Qf3 Be7 20. Be3 exd4 21. Bxd4 Nf6 22. Rad1 a5 23. e5 Ne8 24. Rg4 Qh6 25. Kf1 a4 26. Bd5 Rc1 27. Rxc1 Qxc1+ 28. Kg2 Nc7 29. e6 f6 30. Be4 1-0

[Event "GER-ch57 V04 email"]
[Site "GER email"]
[Date "2010.??.??"]
[Round "?"]
[White "Blask, Gerhard"]
[Black "Traut, Gerhard"]
[Result "1-0"]
[WhiteElo "2153"]
[BlackElo "2127"]
[PlyCount "60"]
[EventDate "2010.??.??"]
[EventType "tourn (corr)"]
[EventRounds "6"]
[EventCountry "GER"]
[SourceTitle "Corr 2015"]
[Source "ChessBase"]
[SourceDate "2015.07.17"]
[SourceVersion "1"]
[SourceVersionDate "2015.07.17"]
[SourceQuality "1"]

1. Nf3 Nf6 2. c4 g6 3. Nc3 Bg7 4. e4 d6 5. d4 0-0 6. Be2 e5 7. 0-0 Nc6 8. d5 Ne7 9. b4 Nh5 10. c5 Nf4 11. Bxf4 exf4 12. Rc1 h6 13. Qd2 g5 14. Rfd1 Bd7 15. Nd4 Ng6 16. Ncb5 a6 17. cxd6 axb5 18. dxc7 Qe7 19. Nf5 Qxe4 20. Nxg7 Kxg7 21. Bf3 Qe8 22. d6 Qc8 23. Qd5 Nh4 24. Be4 Bc6 25. Qd4+ f6 26. h3 Ng6 27. Bxg6 Kxg6 28. Rxc6 bxc6 29. Qe4+ Kg7 30. Qg6+ Kxg6 1-0

[Event "GER-ch58 V04 email"]
[Site "GER email"]
[Date "2010.??.??"]
[Round "?"]
[White "Gonschior, Manfred"]
[Black "Blask, Gerhard"]
[Result "1/2-1/2"]
[WhiteElo "2153"]
[BlackElo "2153"]
[PlyCount "44"]
[EventDate "2010.05.12"]
[EventType "tourn (corr)"]
[EventRounds "6"]
[EventCountry "GER"]
[SourceTitle "Corr 2015"]
[Source "ChessBase"]
[SourceDate "2015.07.17"]
[SourceVersion "1"]
[SourceVersionDate "2015.07.17"]
[SourceQuality "1"]

1. e4 c6 2. d4 d5 3. Nd2 dxe4 4. Nxe4 Bf5 5. Ng3 Bg6 6. h4 h6 7. Nf3 Nf6 8. Ne5 Bh7 9. Bd3 Bxd3 10. Qxd3 Nbd7 11. Ng6 Nc5 12. Qe2 fxg6 13. dxc5 Qd4 14. c3 Qg4 15. Qxg4 Nxg4 16. f3 Nf6 17. Be3 Rd8 18. Rd1 e5 19. c4 Be7 20. Rxd8+ Kxd8 21. Kd2 Kd7 22. Kc2 Ke6 1/2-1/2

[Event "GER-ch57 V04 email"]
[Site "GER email"]
[Date "2010.??.??"]
[Round "?"]
[White "Grube, Andreas"]
[Black "Blask, Gerhard"]
[Result "1/2-1/2"]
[WhiteElo "2119"]
[BlackElo "2153"]
[PlyCount "60"]
[EventDate "2010.??.??"]
[EventType "tourn (corr)"]
[EventRounds "6"]
[EventCountry "GER"]
[SourceTitle "Corr 2015"]
[Source "ChessBase"]
[SourceDate "2015.07.17"]
[SourceVersion "1"]
[SourceVersionDate "2015.07.17"]
[SourceQuality "1"]

1. Nf3 Nf6 2. c4 e6 3. Nc3 Bb4 4. Qc2 0-0 5. a3 Bxc3 6. Qxc3 b6 7. d4 Bb7 8. e3 d5 9. b3 Nbd7 10. Be2 c5 11. 0-0 Ne4 12. Qc2 Rc8 13. a4 Qf6 14. a5 b5 15. Ne5 Nxe5 16. dxe5 Qxe5 17. Bb2 d4 18. f4 Qd6 19. exd4 Rfd8 20. Rad1 bxc4 21. bxc4 f5 22. Qa4 Qc7 23. a6 Ba8 24. Qa3 h6 25. dxc5 Rxd1 26. Bxd1 Nd2 27. Be5 Qe7 28. Bd6 Qh4 29. Rf2 Nxc4 30. Qb4 Bd5 1/2-1/2

[Event "GER-ch41 V03 email"]
[Site "GER email"]
[Date "2010.??.??"]
[Round "?"]
[White "Hechler, Georg"]
[Black "Blask, Gerhard"]
[Result "1/2-1/2"]
[WhiteElo "2274"]
[BlackElo "2148"]
[PlyCount "111"]
[EventDate "2010.??.??"]
[EventType "tourn (corr)"]
[EventRounds "12"]
[EventCountry "GER"]
[SourceTitle "Corr 2015"]
[Source "ChessBase"]
[SourceDate "2015.07.17"]
[SourceVersion "1"]
[SourceVersionDate "2015.07.17"]
[SourceQuality "1"]

1. e4 c5 2. Nf3 d6 3. d4 cxd4 4. Nxd4 Nf6 5. Nc3 g6 6. Be3 Bg7 7. f3 0-0 8. Qd2 Nc6 9. Bc4 Bd7 10. 0-0-0 a6 11. h4 b5 12. Bb3 h5 13. g4 Na5 14. Nd5 Nxb3+ 15. axb3 e5 16. Bg5 exd4 17. gxh5 Rc8 18. h6 Bxh6 19. Nxf6+ Qxf6 20. Bxh6 Rfe8 21. Qxd4 Qxd4 22. Rxd4 Be6 23. Kb1 d5 24. exd5 Bf5 25. Rd2 f6 26. d6 Rc5 27. Bf4 Bd7 28. Bg3 b4 29. Bf2 Rb5 30. Rg1 Kf7 31. Rd4 Re2 32. Bg3 Rc5 33. Rc1 a5 34. Re4 Rxe4 35. fxe4 Rh5 36. Re1 g5 37. hxg5 Rxg5 38. Re3 Rg4 39. Kc1 Ke6 40. Kd2 Bc6 41. Kd3 Kd7 42. e5 fxe5 43. Bxe5 Bb5+ 44. c4 bxc3+ 45. Kxc3 Kc6 46. Re1 Kc5 47. Bh2 Rg5 48. Rc1 Bd7 49. Kd3+ Kd5 50. Bf4 Rg4 51. Ke3 Rg2 52. Rb1 Bg4 53. Ra1 Rxb2 54. Rxa5+ Kc6 55. Ra6+ Kc5 56. Ra3 1/2-1/2

[Event "GER-ch41 V03 email"]
[Site "GER email"]
[Date "2010.??.??"]
[Round "?"]
[White "Mueller, Horst"]
[Black "Blask, Gerhard"]
[Result "1/2-1/2"]
[WhiteElo "2125"]
[BlackElo "2148"]
[PlyCount "60"]
[EventDate "2010.??.??"]
[EventType "tourn (corr)"]
[EventRounds "12"]
[EventCountry "GER"]
[SourceTitle "Corr 2015"]
[Source "ChessBase"]
[SourceDate "2015.07.17"]
[SourceVersion "1"]
[SourceVersionDate "2015.07.17"]
[SourceQuality "1"]

1. Nf3 Nf6 2. c4 c5 3. Nc3 Nc6 4. e3 e6 5. d4 d5 6. cxd5 exd5 7. Bb5 Bd6 8. 0-0 0-0 9. h3 a6 10. Bxc6 bxc6 11. Qc2 cxd4 12. exd4 h6 13. Be3 Re8 14. Rac1 Re6 15. Rfe1 Bd7 16. Bd2 Rxe1+ 17. Rxe1 Qc7 18. a3 Rc8 19. Na4 Ne4 20. Nc5 Bf5 21. Nxa6 Qb7 22. Nc5 Nxc5 23. Qxf5 Ne4 24. b4 g6 25. Qg4 h5 26. Qh4 Qa7 27. Bc1 Kg7 28. Rxe4 dxe4 29. Qxe4 Qa4 30. Qd3 Qb5 1/2-1/2

[Event "GER-ch41 V03 email"]
[Site "GER email"]
[Date "2009.08.09"]
[Round "?"]
[White "Isigkeit, Hans Juergen"]
[Black "Blask, Gerhard"]
[Result "1/2-1/2"]
[WhiteElo "1967"]
[BlackElo "2153"]
[PlyCount "72"]
[EventDate "2009.03.03"]
[EventType "tourn (corr)"]
[EventRounds "10"]
[EventCountry "GER"]
[SourceTitle "Corr 2011"]
[Source "ChessBase"]
[SourceDate "2010.08.31"]
[SourceVersion "1"]
[SourceVersionDate "2010.08.31"]
[SourceQuality "1"]

1. d4 Nf6 2. c4 e6 3. Nc3 Bb4 4. e3 0-0 5. Bd3 d5 6. Nf3 c5 7. 0-0 Nc6 8. a3 Bxc3 9. bxc3 dxc4 10. Bxc4 Qc7 11. Bb2 e5 12. h3 Bf5 13. Qe2 Bg6 14. Nh4 exd4 15. Nxg6 hxg6 16. cxd4 cxd4 17. exd4 Rad8 18. Rfd1 Rfe8 19. Qf1 Nd5 20. Ba2 Qd7 21. Rd2 a6 22. Qd3 b5 23. Rc1 Na5 24. Rdc2 Nf4 25. Qf3 Qf5 26. g4 Qe4 27. Qxe4 Rxe4 28. Rc8 Ree8 29. Rxd8 Rxd8 30. Rc7 Nxh3+ 31. Kf1 Ng5 32. Bc3 Nc4 33. Bxc4 bxc4 34. Rxc4 f5 35. Rc6 Ne4 36. Bb4 Rxd4 1/2-1/2

[Event "GER-ch49 V7 email"]
[Site "GER email"]
[Date "2009.01.15"]
[Round "?"]
[White "Blask, Gerhard"]
[Black "Werner, Juergen"]
[Result "1/2-1/2"]
[WhiteElo "2153"]
[BlackElo "2153"]
[PlyCount "70"]
[EventDate "2008.??.??"]
[EventType "tourn (corr)"]
[EventRounds "10"]
[EventCountry "GER"]
[SourceTitle "Corr 2011"]
[Source "ChessBase"]
[SourceDate "2010.08.31"]
[SourceVersion "1"]
[SourceVersionDate "2010.08.31"]
[SourceQuality "1"]

1. e4 c5 2. Nf3 Nc6 3. Nc3 d6 4. d4 cxd4 5. Nxd4 Nf6 6. Bg5 a6 7. Qd2 e6 8. Nxc6 bxc6 9. 0-0-0 Be7 10. Bxf6 gxf6 11. Kb1 Rb8 12. Bc4 Qb6 13. Bb3 a5 14. Rhe1 Rg8 15. Na4 Qa7 16. f4 Kf8 17. Nc3 Kg7 18. g4 Kh8 19. h3 c5 20. Bc4 Qb6 21. b3 Qb4 22. Qd3 a4 23. f5 Bd7 24. Rf1 Rb7 25. Rf2 Ra7 26. Ne2 Rb8 27. Nf4 Bb5 28. Bxb5 Rxb5 29. fxe6 axb3 30. cxb3 c4 31. Qd4 cxb3 32. Qxb4 bxa2+ 33. Rxa2 Rxb4+ 34. Rb2 Rab7 35. Rdd2 fxe6 1/2-1/2

[Event "Hessen-ch Seniors op 04th"]
[Site "Bad Sooden-Allendorf"]
[Date "2008.04.30"]
[Round "7"]
[White "Kreie, Guenther"]
[Black "Blask, Gerhard"]
[Result "0-1"]
[WhiteElo "1790"]
[BlackElo "1581"]
[PlyCount "70"]
[EventDate "2008.04.24"]
[EventType "swiss"]
[EventRounds "9"]
[EventCountry "GER"]
[SourceTitle "EXT 2022"]
[Source "ChessBase"]
[SourceDate "2021.10.06"]
[SourceVersion "1"]
[SourceVersionDate "2021.10.06"]
[SourceQuality "1"]

1. e4 e5 2. Nf3 d5 3. exd5 e4 4. Qe2 Nf6 5. Nc3 Be7 6. Nxe4 0-0 7. d3 Re8 8. Be3 Nxd5 9. 0-0-0 Nc6 10. Qd2 Be6 11. Kb1 Nxe3 12. fxe3 Nb4 13. Nc3 c5 14. a3 Qa5 15. e4 Nc6 16. Be2 Rad8 17. Rhf1 b5 18. Kc1 c4 19. d4 b4 20. Nd5 Bxd5 21. exd5 Qxd5 22. axb4 Nxb4 23. Qe1 Rc8 24. c3 Nd3+ 25. Bxd3 Bg5+ 26. Nxg5 Rxe1 27. Bxh7+ Kh8 28. Nxf7+ Kxh7 29. Rdxe1 Qxg2 30. Rg1 Qf2 31. Rgf1 Qg2 32. h4 Rb8 33. Ng5+ Kh8 34. Ne4 Qxb2+ 35. Kd1 Qb1+ 0-1